000 01129nam a22002057a 4500
005 20150925091857.0
008 150925b xxu||||| |||| 00| 0 eng d
040 _aANE
041 _aEs
082 _aRAD-228
100 _aPaéz, Andrés
_easambleísta por CREO
245 _aLucha contra drogas bajo la lupa
260 _aQuito
_bRadio Democracia
_c2015-09-25
300 _ap.
520 _aEl asambleísta, Andrés Páez, Ricardo Camacho y Carlos Solórzano, opinaron sobre la lucha contra el narcotráfico del país. En opinión de los tertuliantes, el endurecimiento de las penas, no sería la mejor forma de reducir el consumo de narcóticos, por lo que criticaron la aproximación de los legisladores oficialistas.
650 _anarcotráfico/Asamblea Nacional/movimiento CREO/experto en seguridad/doctor/Radio Democracia/opiniones/lucha contra el narcotráfico país/endurecimientos penas/no aconsejable reducir consumo de narcóticos/criticaron/aproximación legisladores oficialistas/
700 _aCamacho, Ricardo
_eexperto en seguridad
700 _aSolórzano, Carlos
_edoctor
942 _2ddc
_cVM
_zIES.
999 _c30953
_d30953